| 000 | 00667nam a22001577a 4500 | ||
|---|---|---|---|
| 003 | OSt | ||
| 005 | 20151105150239.0 | ||
| 008 | 151105b xxu||||| |||| 00| 0 eng d | ||
| 040 | _cRUA | ||
| 082 | _aFOR ស្រ៊ុន 1994 B119 Or.1 | ||
| 100 |
_93406 _aស្រ៊ុន ផេង |
||
| 245 | _aសិក្សាអំពីវិធីសាស្រ្តនៃការកសាងផែនទី ព្រៃឈើនៅកម្ពុជាដោយប្រើរូបថតពីលើអាកាស និងរូបភាពផ្កាយរណប; | ||
| 260 |
_aPhnom Penh _bRUA _c1994 |
||
| 300 |
_a60p. _bill. _c29cm. |
||
| 942 |
_2ddc _cFOR |
||
| 999 |
_c3176 _d3176 |
||